00814nam a2200217 i 4500001000700000003000900007005001700016008004100033040003000074100002400104245007200128260014700200300002200347490004800369650002600417650002200443752002400465752002300489830004800512852003600560155261ES-MaACL20250816062549.0020827s1898 fr |||| | fre d aCCPB | B bspa cCCPB | B1 aHerckenrath, C.R.C.10aProblèmes d'esthétique et de morale / cpar C.R.C. Herckenrath. aParis : bancienne Librairie Germer Baillière et C\pie\s, Félix Alcan, éditeur, c1898 (eÉvreux : fimprimerie de Charles Hérissey) a163 p. ; c18 cm.1 aBibliothèque de philosophie contemporaine 4aValores (Filosofía) 7aEstética2embne aFrancia - dParís aFrancia - dEvreux0 aBibliothèque de philosophie contemporaine aES-MaACLjF-11926 z- Enc. hol.